| 000 | 00637nam a2200181 a 4500 | ||
|---|---|---|---|
| 005 | 20250115151520.0 | ||
| 008 | 991125s1993 ea 000 0 eng u | ||
| 035 | _aUPN01000005739 | ||
| 049 | _aCG | ||
| 050 | 4 |
_aLB3701 _bB4.4 1993 |
|
| 245 | 0 | 0 |
_aBilingual education : _bpolitics, practice, and research : ninety-second yearbook of the National Society for the Study of Education / _ced. M. Beatriz Arias. |
| 260 |
_aChicago [E.U.A.] : _bNSSE, _c1993. |
||
| 300 | _a2 v. | ||
| 500 | _aLa biblioteca tiene el v.2 | ||
| 650 | 4 |
_aEducación bilingüe _zEstados Unidos _vAnuarios _915021 |
|
| 700 | 1 |
_aArias, M. Beatriz, _eed. |
|
| 905 | _aLibro | ||
| 999 |
_c5739 _d5739 |
||